LEADER 00797nam a2200193 i 4500 001 000000257302 003 CaOOAMICUS 005 20180221000000.0 008 180221s1886 it u000 u ita u 013 $a236210 040 $aSeMil$bita 245 10$aTomo 12. 300 $a527 p. 773 0 $aCantù, Cesare <1804-1895>$tStoria universale.$b10. ed. torinese / interamente riv. dall'A. e portata sino agli ultimi eventi.$dTorino : Unione Tipografico-Editrice, 1884-1890.$g12$w()25811 850 $aSeMil 852 $aSeMil$W1$xVenegono$y1$m3V III 41 FA$j207648$B207648$CSeMilBibl$Z2$F221175 $8I 852 $aSeMil$W1$xVenegono$y1$m2A VII 16 FA$j200632$B200632$CSeMilBibl$Z2$F212354 $8I 961 $aLascito: Martini Card. Carlo Maria 996 $6245$aTomo 12$9(OLS)http://semarc/title/296683 LEADER 01067nam a2200253 4500 001 000000345536 003 CaOOAMICUS 005 20210520102931.0 008 210426s1974 it 000 u ita r 040 $aSeMil$bita 100 1 $aZervos, Gennadios.$0(OLS)http://semarc/name/113656 245 13$aIl contributo del patriarcato ecumenico per l'unità dei cristiani /$cGennadios Zervos. 264 1$aRoma :$bCittà Nuova,$c1974. 300 $a256 p. ;$c20 cm 541 0 $aOmaggio mons. Mario Delpini (2K I 416) 650 4$aPatriarcato ecumenico.$0(OLS)http://semarc/subject/50322 650 4$aEcumenismo - Cattolici e Ortodossi.$0(OLS)http://semarc/subject/9259 850 $aSeMil 852 $aSeMil$W1$xVenegono$y1$m2K I 416$j226327$B236599$CSeMilBibl$Z2$F236599 $81 941 1 $a7 961 $aOmaggio mons. Mario Delpini 996 $6245$aIl contributo del patriarcato ecumenico per l'unità dei cristiani$9(OLS)http://semarc/title/434675 996 $6264$aRoma :$bCittà Nuova$9(OLS)http://semarc/publisher/29609